|
|
|
|
| LEADER |
00000nam0a2200000 4500 |
| 001 |
319124 |
| 005 |
20231102003140.0 |
| 035 |
|
|
|a (RuTPU)RU\TPU\book\344629
|
| 090 |
|
|
|a 319124
|
| 100 |
|
|
|a 20160520d1952 km y0rusy50 ca
|
| 101 |
0 |
|
|a rus
|
| 102 |
|
|
|a RU
|
| 105 |
|
|
|a a z 001zy
|
| 200 |
1 |
|
|a Электрические методы обработки металлов
|f Е. Я. Улицкий, В. С. Замалин
|
| 210 |
|
|
|a Москва
|c Трудрезервиздат
|d 1952
|
| 215 |
|
|
|a 158 с.
|c ил.
|
| 320 |
|
|
|a Библиогр.: с. 155-156
|
| 606 |
1 |
|
|a Электрическая обработка металлов
|2 stltpush
|3 (RuTPU)RU\TPU\subj\26845
|9 50684
|
| 610 |
1 |
|
|a операции
|
| 610 |
1 |
|
|a станки
|
| 610 |
1 |
|
|a питание
|
| 610 |
1 |
|
|a отверстия
|
| 610 |
1 |
|
|a режущие инструменты
|
| 610 |
1 |
|
|a анодно-механическая обработка
|
| 610 |
1 |
|
|a эксплуатация
|
| 610 |
1 |
|
|a фасонные инструменты
|
| 610 |
1 |
|
|a изготовление
|
| 610 |
1 |
|
|a электроконтактная обработка
|
| 610 |
1 |
|
|a анодно-механическая резка
|
| 610 |
1 |
|
|a поверхностное упрочнение
|
| 610 |
1 |
|
|a инструкции
|
| 610 |
1 |
|
|a источники
|
| 675 |
|
|
|a 621.7.047/.048
|v 4
|
| 700 |
|
1 |
|a Улицкий
|b Е. Я.
|
| 701 |
|
1 |
|a Замалин
|b В. С.
|
| 801 |
|
1 |
|a RU
|b 63413507
|c 20160520
|
| 801 |
|
2 |
|a RU
|b 63413507
|c 20171102
|g RCR
|
| 942 |
|
|
|c BK
|